000 00410nam a2200157Ia 4500
008 230711s9999||||xx |||||||||||||| ||und||
041 _aENG
082 _a720
_bGO-I
100 _aGoyal ML ed
245 0 _aInformation technology in everyday life CSI-91
250 _a1st Ed.
260 _c1991
_aNew Delhi
_bTata McGraw-Hill Publishing Co
300 _a457
650 _aComputer Engineering
942 _cBK
999 _c1619
_d1619